[Event "Oberpfalz-ch M1"]
[Site "Bad Koetzting"]
[Date "2018.03.26"]
[Round "6"]
[White "Schmitz, Bjoern"]
[Black "Brunner, Tobias"]
[Result "0-1"]
[WhiteElo "2050"]
[BlackElo "1888"]
[PlyCount "113"]
[EventDate "2018.03.24"]
[EventType "swiss"]
[EventRounds "8"]
[EventCountry "GER"]
[SourceTitle "EXT 2020"]
[Source "ChessBase"]
[SourceDate "2019.10.17"]
[SourceVersion "1"]
[SourceVersionDate "2019.10.17"]
[SourceQuality "1"]

1. d4 d5 2. c4 e6 3. Nf3 Nf6 4. g3 c6 5. Bg2 Be7 6. 0-0 0-0 7. Nc3 Nbd7 8. b3 Bb4 9. Bb2 Bxc3 10. Bxc3 Ne4 11. Bb4 Re8 12. e3 b6 13. Nd2 Nxd2 14. Qxd2 Bb7 15. Rac1 a5 16. Bc3 Qe7 17. e4 dxe4 18. Bxe4 Nf6 19. Bg2 Red8 20. Qe2 Rac8 21. Rfd1 Ba6 22. Qe3 Ng4 23. Qe2 Nf6 24. h3 h6 25. Qe3 a4 26. d5 c5 27. dxe6 Qxe6 28. Qxe6 fxe6 29. Rxd8+ Rxd8 30. bxa4 Ne8 31. Bf1 Nf6 32. f3 Bb7 33. Rb1 Bxf3 34. Rxb6 Ne4 35. Be5 Rd1 36. Rb8+ Kh7 37. Rb7 Nf6 38. Rb2 Ne4 39. Rb7 Nf6 40. Rc7 Nd7 41. Kf2 Nxe5 42. Rxc5 Nd3+ 43. Bxd3+ Rxd3 44. Re5 Ra3 45. Rxe6 Bd1 46. c5 Rc3 47. Re5 Bxa4 48. h4 Bc6 49. g4 Rf3+ 50. Ke2 Rf4 51. g5 Re4+ 52. Rxe4 Bxe4 53. gxh6 Kxh6 54. Kf2 Kh5 55. Kg1 Kxh4 56. a4 Kg3 57. a5 0-1

[Event "Oberpfalz-ch M1"]
[Site "Bad Koetzting"]
[Date "2018.03.25"]
[Round "4"]
[White "Schmitz, Bjoern"]
[Black "Uphoff, Lennart"]
[Result "1/2-1/2"]
[WhiteElo "2050"]
[BlackElo "2067"]
[PlyCount "48"]
[EventDate "2018.03.24"]
[EventType "swiss"]
[EventRounds "8"]
[EventCountry "GER"]
[SourceTitle "EXT 2020"]
[Source "ChessBase"]
[SourceDate "2019.10.17"]
[SourceVersion "1"]
[SourceVersionDate "2019.10.17"]
[SourceQuality "1"]

1. d4 Nf6 2. c4 g6 3. Nc3 d5 4. Nf3 Bg7 5. cxd5 Nxd5 6. e4 Nxc3 7. bxc3 c5 8. Rb1 0-0 9. Be2 cxd4 10. cxd4 Qa5+ 11. Bd2 Qxa2 12. 0-0 b6 13. Bg5 Qe6 14. Re1 Ba6 15. Qa4 Bxe2 16. Rxe2 f6 17. Bc1 Rc8 18. d5 Qd7 19. Qa2 Qe8 20. Nd4 Nd7 21. Ne6 Nc5 22. Nxg7 Kxg7 23. e5 f5 24. e6 Ne4 1/2-1/2